| 000 | 00000nam 2200000za 4500 |
| 001 | 9.816633 |
| 003 | CaOODSP |
| 005 | 20221107142307 |
| 007 | cr ||||||||||| |
| 008 | 160502s1993 onc |o||||f|0| 0|fre d |
| 020 | |z0-660-54249-8 |
| 040 | |aCaOODSP|bfre |
| 041 | |afre|aeng |
| 043 | |an-cn--- |
| 086 | 1 |aFs41-31/119-PDF |
| 100 | 1 |aMorrison, Carol M. |
| 245 | 10|aHistology of the Atlantic cod, Gadus morhua |h[ressource électronique] : |ban atlas : part four. eleutheroembryo and larva = Atlas d'histologie de la morue franche, Gadus morhua : quatrième partie. éleuthéro-embryon et larve / |c[par] Carol M. Morrison. |
| 246 | 11|aAtlas d'histologie de la morue franche, Gadus morhua : quatrième partie. éleuthéro-embryon et larve |
| 260 | |aOttawa : |bMinistère des Pêches et des Océans, |c1993. |
| 300 | |av, 496 p.|bphotos. |
| 490 | 1 |aPublication spéciale canadienne des sciences halieutiques et aquatiques, |x0706-6481 ; |v119 |
| 500 | |aLe n° de catalogue (Fs41-31/119) et l’ISBN (0-660-54249-8) de l'édition imprimée bilingue ont été copiés dans l’édition électronique. |
| 546 | |aTexte en français et en anglais. |
| 692 | 07|2gccst|aPoisson de mer |
| 710 | 1 |aCanada. |bMinistère des pêches et des océans. |
| 791 | |tHistology of the Atlantic cod, Gadus morhua |eeng|w(CaOODSP)9.816632 |
| 830 | #0|aPublication spéciale canadienne des sciences halieutiques et aquatiques ;|v119|w(CaOODSP)9.816386 |
| 856 | 40|qPDF|s16.07 Mo|uhttps://publications.gc.ca/collections/collection_2016/mpo-dfo/Fs41-31-119.pdf |